| 000 | 00762nam a2200181 u 4500 | ||
|---|---|---|---|
| 001 | 000331882 | ||
| 003 | AM-YeHGA | ||
| 005 | 20250617130808.0 | ||
| 008 | 040505s1971 ai r 000 0 arm d | ||
| 040 | _aAM-YeHGA | ||
| 041 | 1 | _aarm | |
| 245 | 1 | 0 |
_aՀուշագրքույկ կատաղության պրոֆիլակտիկայի / _cՄ.Ա. Սելիմով; ՀՍՍՀ Առողջապահ. մինիստր. հանրապետ. սանլուստուն. |
| 260 |
_aԵրևան : _bՀայաստան, _c1971. |
||
| 300 |
_a12 էջ ; _c17 սմ. |
||
| 650 | 1 | 4 |
_aՎարակիչ հիվանդություն _xկատաղություն |
| 710 | 2 | _aՀՍՍՀ Առողջապահության մինիստրության հանրապետական սանլուստուն | |
| 090 | _c125818 | ||
| 999 |
_c124463 _d124463 |
||